Техническая периодика СССР: справочник
| Hlavní autor: | |
|---|---|
| Shrnutí: | Исключено из фонда НТБ ТПУ |
| Jazyk: | ruština |
| Vydáno: |
Москва, Изд-во ВКП, 1961
|
| Médium: | Kniha |
| KOHA link: | https://koha.lib.tpu.ru/cgi-bin/koha/opac-detail.pl?biblionumber=99959 |
MARC
| LEADER | 00000nam0a2200000 4500 | ||
|---|---|---|---|
| 001 | 99959 | ||
| 005 | 20231031112001.0 | ||
| 035 | |a (RuTPU)RU\TPU\book\107509 | ||
| 090 | |a 99959 | ||
| 100 | |a 20060802d1961 k y0rusy50 ca | ||
| 101 | 0 | |a rus | |
| 102 | |a RU | ||
| 105 | |a y g 001zy | ||
| 200 | 1 | |a Техническая периодика СССР |e справочник |f Н. А. Вильчур | |
| 210 | |a Москва |c Изд-во ВКП |d 1961 | ||
| 215 | |a 172 с. | ||
| 333 | |a Исключено из фонда НТБ ТПУ | ||
| 700 | 1 | |a Вильчур |b Н. А. | |
| 801 | 1 | |a RU |b 63413507 |c 20060802 |g PSBO | |
| 801 | 2 | |a RU |b 63413507 |c 20120511 |g RCR | |
| 942 | |c BK | ||